000 00434nam a2200181Ia 4500
001 8876
005 20260306160642.0
008 260306t2015||||xx |||||||||||||| ||spa||
041 _aESP
082 _a371.82
_bR63
100 _aRiordan, Cornelius
_eAUT
245 0 _aSingle-sex schools:
_ba place to learn
260 _c2015
300 _avi, 74 páginas :
_c23 cm.
650 _aGEN
654 _aCED
942 _cLIB
_dJUS
_fJUS
_2ddc
_n
999 _c8876
_d8876